000 00432nam a22001817a 4500
003 CEME
005 20210628203949.0
008 210315b xxu||||| |||| 00| 0 eng d
020 _a0-408-00590-4
040 _c.
082 _a621.381 ELE'M
100 _aMazda, Ff
_968052
245 _aElectronics engineering reference book
250 _a6TH
260 _aLONDON
_bBUTTERWORTHS
_c1989
300 _a63/15P
942 _cBK
_2ddc
999 _c575711
_d575711